Anteproyecto de Hotel Turístico de montaña de aventura en Miralago Momotombo

Presenta un anteproyecto de hotel turístico de montaña de aventura en Miralago Momotombo. La propuesta del hotel turístico de montaña de aventura tomo en cuenta en su planificación las condiciones para el emplazamiento de los edificios y su distribución más conveniente, así mismo el análisi...

Full description

Bibliographic Details
Main Author: Falcón Paredes, José Eduardo
Other Authors: Tutor: Benavides Rodríguez, Wildghem Ramón
Format: Tesis Section = Libro
Language:Undetermined
Spanish
Published: Managua UNI 2016
Subjects:
LEADER 01272nam a2200265Ia 4500
008 240830s9999 xx 000 0 und d
040 |a BIBLIOTECA-RUSB/ Mon 728.5 F184 
041 |a spa 
082 |a Mon 728.5 F184 
100 1 |a Falcón Paredes, José Eduardo 
245 1 0 |a Anteproyecto de Hotel Turístico de montaña de aventura en Miralago Momotombo 
260 |a Managua  |b UNI  |c 2016 
300 |a 58 p. :il. 
500 |a Contiene: anexos e Incluye: CD. 
502 |a Tesis (Arquitecto) - UNI, 2016. 
520 3 |a Presenta un anteproyecto de hotel turístico de montaña de aventura en Miralago Momotombo. La propuesta del hotel turístico de montaña de aventura tomo en cuenta en su planificación las condiciones para el emplazamiento de los edificios y su distribución más conveniente, así mismo el análisis de modelos análogos, considerando en el programa arquitectónico: juegos de áreas verdes, para los huéspedes. 
650 7 |a HOTELES-DISEÑO Y CONSTRUCCION 
650 7 |b  DISEÑO ARQUITECTONICO 
650 7 |c  DETALLES ARQUITECTONICOS 
650 7 |d  ARQUITECTURA-DISEÑO Y PLANOS 
650 7 |e  TURISMO-NICARAGUA 
700 1 |a Tutor:  |b Benavides Rodríguez, Wildghem Ramón 
942 |c BK  |2 ddc 
991 |a TESIS 
999 |c 21500